Biblioteca

La comerciante de libros (Registro nro. 66040)

Detalles MARC
000 -LÍDER
Campo fijo de descripción fija 01858nam a2200337 i 4500
001 - NÚMERO DE CONTROL
Campo de control 768714001
003 - IDENTIFICADOR DEL NÚMERO DE CONTROL
Campo de control CO-MdFUSB
005 - FECHA Y HORA DE LA ULTIMA TRANSACCIÓN
control field 20210930104202.0
007 - CAMPO FIJO DE DESCRIPCIÓN FIJA--INFORMACIÓN GENERAL
Campo fijo de descripción fija ta
008 - ELEMENTOS DE LONGITUD FIJA -- INFORMACIÓN GENERAL
Campo fijo de descripción fija -- Información general 200605t2007 sp |||| |||| 00| 0 spa d
020 ## - NÚMERO INTERNACIONAL NORMALIZADO PARA LIBROS
Número Internacional Normalizado del libro 9788496748989
040 ## - FUENTE DE CATALOGACIÓN
Agencia de catalogación original CO-MdFUSB
Idioma de catalogación spa
Agencia que realiza la transcripción CO-MdFUSB
Agencia que realiza la modificación CO-MdFUSBC
Convenciones de la descripción rda
041 ## - CÓDIGO DE IDIOMA
Código de idioma para texto/pista de sonido o título separado spa
Código de idioma original eng
082 ## - NÚMERO DE CLASIFICACIÓN DECIMAL DEWEY
Número de la edición del Dewey 23
Número de clasificación 813.6
Clave de autor-Numero de item V282
100 ## - ASIENTO PRINCIPAL--NOMBRE PERSONAL
Nombre personal Vantrease, Brenda
Fechas asociadas con el nombre 1945 -
Término relacionador autor
240 ## - TITULO UNIFORME
Título uniforme <a href="The mercy seller">The mercy seller</a>
245 13 - TÍTULO
Título del Material La comerciante de libros
Parte restante del título - Subtitulo : una historia de traición, romance y persecución en la Europa del siglo XV
Mención de responsabilidad, etc. / Brenda Vantrease ; traducido por Jofre Homedes Beutnagel
264 #1 - PRODUCCIÓN, PUBLICACIÓN, DISTRIBUCIÓN, MANUFACTURA, Y COPYRIGHT
Lugar de producción, publicación, distribución, manufactura Madrid, España :
Nombre del productor, publicador, distribuidor Maeva,
Fecha de producción, publicación, distribución, manufactura, o copyright [2007]
264 #4 - PRODUCCIÓN, PUBLICACIÓN, DISTRIBUCIÓN, MANUFACTURA, Y COPYRIGHT
Fecha de producción, publicación, distribución, manufactura, o copyright ©2007
300 ## - DESCRIPCIÓN FÍSICA
Dimensiones 535 páginas ;
Extensión 19 cm
336 ## - TIPO DE CONTENIDO
Fuente rdacontent
Término de tipo de contenido texto
Código de tipo de contenido txt
337 ## - TIPO DE MEDIO
Fuente rdamedia
Nombre del tipo de medio sin mediación
Código del tipo de medio n
338 ## - TIPO DE SOPORTE
Fuente rdacarrier
Nombre del tipo de soporte volumen
Código Tipo de soporte nc
490 ## - MENCIÓN DE SERIE
Mención de serie Evasión
520 3# - NOTA DE RESUMEN, ETC.
Nota de sumario, etc. El maestro iluminador Finn prosigue con su labor de acercar la Biblia a la población sin pasar por el filtro de la Iglesia. Acompañado por su nieta Anna, Finn se gana la vida en Praga iluminando ejemplares de la Biblia y desafiando con todo su empeño la intolerancia eclesiástica. Pero las autoridades dan un paso más en su cruzada contra las libertades individuales y empiezan a quemar libros y a matar a los herejes. Cuando el prometido de Anna es decapitado, junto a otros herejes, Finn insta a su nieta a refugiarse en Inglaterra. Instalada provisionalmente en Francia, donde se gana la vida vendiendo libros, Anna conoce entonces a un joven y rico mercader. Lo que ignora Anna es que aquel joven es en realidad fray Gabriel, un monje inglés enviado a Francia como espía.
563 ## - NOTA DE ENCUADERNACIÓN
Nota de encuadernación Rústico
650 #7 - ASIENTO SECUNDARIO DE MATERIA - TERMINO TEMÁTICO
Fuente del encabezamiento o término embne
9 (RLIN) 2493
Término temático o nombre geográfico como elemento de entrada Literatura norteamericana
700 ## - ASIENTO SECUNDARIO - NOMBRE PERSONAL
9 (RLIN) 5105
Nombre personal Homedes Beutnagel, Jofre ‎
Responsabilidad traductor
942 ## - TIPO DE MATERIAL (KOHA)
Tipo de Item KOHA Libros General
945 ## - INFORMACIÓN LOCAL DEL REGISTRO
Catalogador Dani
Existencias
Estado de Material Estado de Perdido Forma de Clasificación Estado de Dañado No para Préstamo Colección Biblioteca de Origen Biblioteca Permanente Fecha de Adquisición Área Total de Préstamos Signatura Topográfica Código de Barras Última vez visto Ejemplar/Existencia Fecha de Remplazo Tipo de Material
    Dewey Decimal Classification     Colección General Biblioteca FUSBC Biblioteca FUSBC 05/06/2020 LITERATURA   G 813.6 V282c 6212 05/06/2020 Ej.1 05/06/2020 Libros General

Biblioteca FUSBC | Teléfono: (57+4) 349 88 10 Ext. 141| WhatsApp (+57) 3005338115 
E-mail: biblioteca@unisbc.edu.co | Calle 76 87-14 Robledo Palenque, Medellín, Colombia

Con tecnología Koha